| 000 | 00653nam a2200205 i 4500 | ||
|---|---|---|---|
| 001 | 46333 | ||
| 003 | ES-MaACL | ||
| 005 | 20230906161350.0 | ||
| 007 | t| | ||
| 008 | 030328s1957 sp ||||1| spa d | ||
| 245 | 0 | 0 |
_aComunicación cristiana de bienes, en el Nuevo Testamento _b: (ordenación de textos referentes a los deberes sociales). |
| 260 |
_aMadrid : _bEuramérica, _c[1957] ( _fNebrija) |
||
| 300 |
_a216 p. ; _c18 cm. |
||
| 490 | 1 | _aMundo mejor | |
| 500 | _aPrecede al tít.: Cáritas Española. | ||
| 710 | 2 |
_aCáritas Española. _92442 |
|
| 830 | 0 |
_aMundo mejor _9181381 |
|
| 852 |
_aES-MaACL _jC-13498 _bR.41270 |
||
| 999 |
_c46333 _d46333 |
||